000
00273nam a2200121 a 4500
008
101022s1977|||| d
100
1
_a
Luts, Oskar
245
1
0
_a
Estónska Romanca
260
_b
Tatran
_a
Bratislava
_c
1977
020
_c
30
041
_a
slo
044
_a
xo
_c
SK
999
_c
12032
_d
12032